| 000 | 00316nam a2200109Ia 4500 | ||
|---|---|---|---|
| 008 | 231129s9999||||xx |||||||||||||| ||spa|| | ||
| 082 | _a932 N478v | ||
| 100 | _aNeubert Otto | ||
| 245 | 0 | _aEl Valle de los Reyes (Tut-Ankh-Amón. Un Dios en Féretros de Oro) | |
| 264 | _aBarcelona España : Labor | ||
| 942 |
_2ddc _cBKS |
||
| 999 |
_c12641 _d12641 |
||